00334nam a22001217a 4500020001800000040000900018082001800027100001900045245004300064250001700107260004500124650004300169 a9780130124685 cNust a621.3815bMAN aM. Morris Mano aLogic and Computer Design Fundamentals a2nd edition  aNew Jersey:bPearson College Div,c2000. aLogic and Computer Design Fundamentals